| 000 | 00476nam a2200205Ia 4500 | ||
|---|---|---|---|
| 003 | 0100 | ||
| 008 | 130303s9999 xx 000 0 und d | ||
| 040 | _cARRUPELIB | ||
| 050 | _aPR59.R4 | ||
| 100 | _aReeves, James | ||
| 245 | 4 | _aThe critical sense | |
| 245 | _bpractical criticism of prose and poetry | ||
| 260 | _aLondon | ||
| 260 | _bHeinneman | ||
| 260 | _C1956 | ||
| 300 | _a160p. 20cm | ||
| 650 | _bGeneral metaphysics | ||
| 700 | _aJames Reeves | ||
| 942 | 0 | 0 | _01 |
| 999 |
_c50952 _d50952 |
||